Hướng dẫn giáo viên tổ chức trò chơi theo chủ đề năm học cho trẻ 5-6 tuổi
Giới thiệu môi trường lớp học và 100 hoạt động trò chơi tại trường mầm non của Việt Nam.
Đã lưu trong:
| Tác giả chính: | |
|---|---|
| Định dạng: | Sách |
| Năm xuất bản: |
H.
Koica
2017
|
| Chủ đề: | |
| Tags: |
Thêm thẻ
Không có thẻ, Hãy là người đầu tiên gắn thẻ bản ghi này!
|
| LEADER | 00808nam a2200169 4500 | ||
|---|---|---|---|
| 999 | |c 14530 |d 14530 | ||
| 082 | |a 372.9597 |b M512S | ||
| 100 | |a Mun Sumin | ||
| 245 | |a Hướng dẫn giáo viên tổ chức trò chơi theo chủ đề năm học cho trẻ 5-6 tuổi |c Mun Sumin, Lê Thị Phương Uyên, Trâm Thị Hồng Vân; Dương Nữ Khánh Quỳnh biên dịch | ||
| 260 | |a H. |b Koica |c 2017 | ||
| 300 | |a 376 tr. |c 29 cm. |b | ||
| 520 | |a Giới thiệu môi trường lớp học và 100 hoạt động trò chơi tại trường mầm non của Việt Nam. | ||
| 653 | |a Mầm non | ||
| 653 | |a Trò chơi | ||
| 653 | |a Trẻ 5-6 tuổi | ||
| 942 | |2 ddc |c STK0 | ||
| 952 | |0 0 |1 0 |2 ddc |4 0 |6 372_959700000000000_M512S |7 0 |8 300 |9 111560 |a qbu |b qbu |c D2 |d 2017-08-17 |g 74000 |o 372.9597 M512S |p 12566.c1 |r 2017-08-17 |w 2017-08-17 |y STK0 | ||